[Event "ch-FRA Blitz Online Qual"]
[Site "Europe-Chess INT"]
[Date "2020.05.16"]
[Round "7"]
[White "Chevillon, Manon"]
[Black "Nicot, Valentin"]
[Result "0-1"]
[WhiteElo "1356"]
[BlackElo "1041"]
[WhiteFideId "45135690"]
[BlackFideId "651002477"]
[EventDate "2020.05.16"]

1. e4 c5 2. Nf3 e6 3. Bc4 a6 4. Nc3 b5 5. Be2 Nf6 6. d3 d5 7. e5 Nfd7 8. a4 b4
9. Na2 Nc6 10. Bd2 Ndxe5 11. c3 Qb6 12. cxb4 cxb4 13. Be3 Qb8 14. Bf4 Nxf3+ 15.
Bxf3 Qxf4 16. O-O Bd6 17. Qc2 Qxh2# 0-1

[Event "ch-FRA Blitz Online Qual"]
[Site "Europe-Chess INT"]
[Date "2020.05.16"]
[Round "7"]
[White "Migus, Ethan"]
[Black "Thobie, Pascal"]
[Result "0-1"]
[WhiteElo "1084"]
[BlackElo "1216"]
[WhiteFideId "551047594"]
[BlackFideId "651001187"]
[EventDate "2020.05.16"]

1. e4 e6 2. d4 d5 3. exd5 exd5 4. Nc3 c6 5. Nf3 Bg4 6. Be2 Nf6 7. h3 Bh5 8. g4
Bg6 9. Bd3 Bxd3 10. Qxd3 Bb4 11. Bd2 O-O 12. O-O-O Bxc3 13. Bxc3 Ne4 14. Rhf1
Nxc3 15. Qxc3 f6 16. Rfe1 Re8 17. Rxe8+ Qxe8 18. Re1 Qf7 19. Qe3 Na6 20. Qe6 Rf8
21. Qxf7+ Rxf7 22. Re8+ Rf8 23. Rxf8+ Kxf8 24. Kd2 Nb4 25. a3 Na6 26. b4 Nc7 27.
c3 h6 28. Ke3 Kf7 29. h4 b6 30. g5 Ne6 31. gxh6 gxh6 32. Nd2 b5 33. f4 Ng7 34.
Nb3 Nf5+ 35. Kf3 Nxh4+ 36. Kg4 Ng6 37. f5 Ne7 38. Nc5 Kg7 39. a4 bxa4 40. Nxa4
h5+ 41. Kxh5 Nxf5 42. Kg4 Ne3+ 43. Kf3 Nc4 44. Nc5 Kg6 45. Ne6 a5 46. bxa5 Nxa5
47. Nd8 Kg5 48. Ne6+ Kg6 49. Nd8 f5 50. Ne6 Kf6 51. Nf8 Nc4 52. Nd7+ Ke6 53.
Nf8+ Kf7 54. Nd7 Ke6 55. Nf8+ Kd6 56. Kf4 Ke7 57. Nh7 Kf7 58. Kxf5 Ne3+ 59. Kf4
Nd1 60. Ng5+ Ke7 61. Nf3 Nxc3 62. Ke3 Ne4 63. Nd2 Nxd2 64. Kxd2 Kd6 65. Kc3 c5
66. dxc5+ Kxc5 67. Kc2 Kc4 68. Kd1 Kd3 69. Kc1 Ke2 70. Kc2 d4 71. Kc1 d3 72. Kb2
d2 73. Kc3 d1=Q 74. Kc4 Qd3+ 75. Kc5 Ke3 76. Kc6 Ke4 77. Kc5 Qd4+ 78. Kc6 Ke5
79. Kc7 Qc5+ 80. Kd7 Qd6+ 81. Kc8 Qe7 82. Kb8 Kd6 83. Ka8 Kc6 84. Kb8 Qb7# 0-1

[Event "ch-FRA Blitz Online Qual"]
[Site "Europe-Chess INT"]
[Date "2020.05.16"]
[Round "7"]
[White "Muller, Patrick"]
[Black "Molines, Martin"]
[Result "1-0"]
[WhiteElo "1582"]
[BlackElo "1033"]
[WhiteFideId "20669216"]
[BlackFideId "45191298"]
[EventDate "2020.05.16"]

1. e4 e5 2. Nf3 Nc6 3. d4 exd4 4. Nxd4 Nxd4 5. Qxd4 Nf6 6. e5 Nh5 7. Be2 g6 8.
Bxh5 gxh5 9. Nc3 b6 10. g3 Bc5 11. Qf4 Qe7 12. Be3 Bxe3 13. Qxe3 Bb7 14. Rg1
O-O-O 15. O-O-O Rde8 16. f3 Qxe5 17. Qxe5 Rxe5 18. Rge1 Rxe1 19. Rxe1 Bxf3 20.
Rf1 Bg4 21. Rxf7 d6 22. Ne4 Be6 23. Rf6 Bxa2 24. b3 Re8 25. Nc3 Bxb3 26. cxb3
Re3 27. Kd2 Re5 28. Rh6 Rf5 29. Ke3 Re5+ 30. Kd4 c5+ 31. Kd3 d5 32. Rxh7 d4 33.
Nb5 Re3+ 34. Kd2 Kb8 35. Nxa7 Rf3 36. Nc6+ Kc8 37. Rxh5 Rxb3 38. Rh7 Rb2+ 39.
Kc1 Re2 40. Na7+ Kd8 41. Nb5 d3 42. Kd1 Rb2 43. Nc3 Rb3 44. Ne4 Rb2 45. Nd2 b5
46. Rh5 c4 47. h4 c3 48. Ne4 c2+ 49. Kd2 Ra2 50. Rd5+ Kc7 51. Rxd3 b4 52. Rb3
c1=Q+ 53. Kxc1 Ra4 54. h5 Ra1+ 55. Kb2 Rh1 56. Nf6 Rh2+ 57. Kc1 Rh1+ 58. Kd2
Rh2+ 59. Ke3 Rh3 60. Kf4 Rh1 61. Rxb4 Rf1+ 62. Kg5 Rh1 63. g4 Rg1 64. Re4 Rh1
65. Kg6 Rh3 66. h6 Rh4 67. h7 Rh3 68. Kg7 Rh4 69. h8=Q 1-0

[Event "ch-FRA Blitz Online Qual"]
[Site "Europe-Chess INT"]
[Date "2020.05.16"]
[Round "7"]
[White "Muller, Lorelei"]
[Black "Coutton, Aurelien"]
[Result "0-1"]
[WhiteElo "1541"]
[BlackElo "1211"]
[WhiteFideId "20669208"]
[BlackFideId "45121443"]
[EventDate "2020.05.16"]

1. e4 c5 2. Nf3 d6 3. d4 cxd4 4. Nxd4 Nf6 5. Nc3 a6 6. a3 e5 7. Nb3 Be7 8. Be3
O-O 9. f3 Be6 10. Bd3 Nbd7 11. O-O Rc8 12. Nd2 d5 13. exd5 Nxd5 14. Nxd5 Bxd5
15. Be4 Bxe4 16. Nxe4 Nc5 17. Nxc5 Bxc5 18. Bxc5 Rxc5 19. Qxd8 Rxd8 20. Rf2 Kf8
21. Re1 f6 22. c3 Rb5 23. Kf1 Ke7 24. Rc2 Ke6 25. Ke2 Rbd5 26. h3 Kf5 27. c4 Rd4
28. c5 Rc8 29. b4 e4 30. Rc3 Re8 31. Rf1 exf3+ 32. Kxf3 Rf4+ 33. Kg3 Rxf1 0-1

[Event "ch-FRA Blitz Online Qual"]
[Site "Europe-Chess INT"]
[Date "2020.05.16"]
[Round "7"]
[White "Nomel, Mathis"]
[Black "Ninin, Gabriel"]
[Result "1-0"]
[WhiteElo "1262"]
[BlackElo "1426"]
[WhiteFideId "36054399"]
[BlackFideId "45169756"]
[EventDate "2020.05.16"]

1. d4 e5 2. dxe5 Nc6 3. Nf3 Qe7 4. Nc3 Nxe5 5. Bf4 Nxf3+ 6. gxf3 Nf6 7. Qd2 c6
8. e4 d5 9. O-O-O dxe4 10. Re1 Be6 11. fxe4 Qd8 12. Qe3 Bd6 13. e5 Nd5 14. Nxd5
Bxd5 15. exd6+ Kd7 16. Bh3+ Be6 17. Bxe6+ fxe6 18. Qxe6# 1-0

[Event "ch-FRA Blitz Online Qual"]
[Site "Europe-Chess INT"]
[Date "2020.05.16"]
[Round "7"]
[White "Pineau, Patrick"]
[Black "Courcelle, Victor"]
[Result "1-0"]
[WhiteElo "1349"]
[BlackElo "1314"]
[WhiteFideId "20673329"]
[BlackFideId "45177392"]
[EventDate "2020.05.16"]

1. e4 c5 2. Nf3 Nc6 3. d4 cxd4 4. Nxd4 e5 5. Nb3 Nf6 6. Nc3 Bb4 7. Bd3 O-O 8.
O-O Re8 9. Bg5 d6 10. Nd5 Re6 11. Nxf6+ gxf6 12. Bh4 Kh8 13. Bc4 Re7 14. Bxf6+
Kg8 15. Qh5 Bc5 16. Qg5+ Kf8 17. Nxc5 dxc5 18. Rad1 Qe8 19. Qg7# 1-0

[Event "ch-FRA Blitz Online Qual"]
[Site "Europe-Chess INT"]
[Date "2020.05.16"]
[Round "7"]
[White "Benlatreche, Farid"]
[Black "Briguet, Remi"]
[Result "1-0"]
[WhiteElo "1416"]
[BlackElo "1160"]
[WhiteFideId "551081474"]
[BlackFideId "551081210"]
[EventDate "2020.05.16"]

1. d4 d5 2. f4 Nc6 3. e3 Bf5 4. c3 Nf6 5. Nf3 e6 6. Bd3 Bxd3 7. Qxd3 Bd6 8. O-O
O-O 9. Ne5 Bxe5 10. fxe5 Ng4 11. h3 Nh6 12. e4 dxe4 13. Qxe4 Qd5 14. Qxd5 exd5
15. Nd2 Rae8 16. Nf3 Re6 17. Ng5 Rg6 18. Bd2 f6 19. Ne6 Rc8 20. Bxh6 gxh6 21.
exf6 Re8 22. f7+ Kh8 23. fxe8=Q+ Rg8 24. Rf8 Ne7 25. Qxe7 h5 26. Qg7# 1-0

[Event "ch-FRA Blitz Online Qual"]
[Site "Europe-Chess INT"]
[Date "2020.05.16"]
[Round "7"]
[White "Porchel, Baptiste"]
[Black "Cherfils, Richard"]
[Result "1-0"]
[WhiteElo "1104"]
[BlackElo "1356"]
[WhiteFideId "45193037"]
[BlackFideId "36072362"]
[EventDate "2020.05.16"]

1. e4 e5 2. Nf3 f5 3. Nxe5 Qf6 4. d4 d6 5. Nd3 fxe4 6. Qh5+ g6 7. Qe2 Bf5 8. f3
Be7 9. fxe4 Bd7 10. e5 dxe5 11. Qxe5 Nc6 12. Qxf6 Bxf6 13. c3 O-O-O 14. Bf4 Nge7
15. Nd2 Nd5 16. O-O-O Rhe8 17. c4 Nxf4 18. Nxf4 Bxd4 19. Nf3 Bf5 20. Nd5 Re4 21.
Bd3 Be3+ 22. Nxe3 Rxe3 23. Bxf5+ gxf5 24. Rxd8+ Kxd8 25. Rd1+ Ke7 26. Ng5 h6 27.
Nf3 Nb4 28. a3 Nd3+ 29. Kd2 Nxb2 30. Kxe3 Nxd1+ 31. Kd2 Nb2 32. Kc3 Nd1+ 33. Kd2
Nf2 34. Nh4 Ne4+ 35. Ke3 Kf6 36. Kf4 c6 37. Nxf5 Nd2 38. Nxh6 Nxc4 39. g4 Nxa3
40. g5+ Kg6 41. h4 b5 42. Kg4 b4 43. h5+ Kg7 44. Nf5+ Kh7 45. g6+ Kg8 46. h6 b3
47. h7+ Kh8 48. Kh5 b2 49. Kh6 b1=Q 50. g7# 1-0

[Event "ch-FRA Blitz Online Qual"]
[Site "Europe-Chess INT"]
[Date "2020.05.16"]
[Round "7"]
[White "Mokrani, Romuhald"]
[Black "Rieger, Lylian"]
[Result "1-0"]
[WhiteElo "1358"]
[BlackElo "1148"]
[WhiteFideId "551061279"]
[BlackFideId "551000105"]
[EventDate "2020.05.16"]

1. d4 d5 2. Nf3 Nc6 3. c4 dxc4 4. Nc3 f6 5. Bf4 g5 6. Bg3 h5 7. h3 h4 8. Bh2 b6
9. e3 Ba6 10. Qa4 Bb7 11. Bxc4 e6 12. O-O Ne7 13. Bxe6 Bg7 14. d5 f5 15. dxc6
Bxc6 16. Qc4 Rh6 17. Bf7+ Kf8 18. Nxg5 Qd7 19. Rad1 Qc8 20. Nd5 Nxd5 21. Bxd5
Bxd5 22. Qxd5 Rg6 23. Qf7# 1-0

[Event "ch-FRA Blitz Online Qual"]
[Site "Europe-Chess INT"]
[Date "2020.05.16"]
[Round "7"]
[White "Guigay, Joel"]
[Black "Trimbitasu, Elyas"]
[Result "1-0"]
[WhiteElo "1315"]
[BlackElo "1175"]
[WhiteFideId "45174016"]
[BlackFideId "551013410"]
[EventDate "2020.05.16"]

1. e4 e5 2. Nf3 Nc6 3. Bb5 Bc5 4. Nc3 Nf6 5. d3 d6 6. Bg5 Bg4 7. O-O O-O 8. h3
Bh5 9. a3 Nd4 10. Be3 Nxf3+ 11. gxf3 Bxe3 12. fxe3 c6 13. Bc4 d5 14. exd5 cxd5
15. Bb3 d4 16. Ne4 dxe3 17. Qe2 Nxe4 18. dxe4 Qg5+ 19. Kh2 Qf4+ 20. Kh1 Qg3 21.
Qg2 Qxg2+ 22. Kxg2 Rfd8 23. Kg3 Rd2 24. Rae1 Rd6 25. Rxe3 Rg6+ 26. Kh2 Rd8 27.
Rf2 Rd1 28. c3 Rdg1 29. Bd5 R6g3 30. Bxb7 Bxf3 31. Rexf3 Rxf3 32. Rxf3 Rb1 33.
Rf2 Rc1 34. Bd5 Rd1 35. Bxf7+ Kf8 36. Bb3+ 1-0

[Event "ch-FRA Blitz Online Qual"]
[Site "Europe-Chess INT"]
[Date "2020.05.16"]
[Round "7"]
[White "Hwang, Daniel"]
[Black "Mirguet, Vladislav"]
[Result "1-0"]
[WhiteElo "1557"]
[BlackElo "1073"]
[WhiteFideId "45136890"]
[BlackFideId "45136432"]
[EventDate "2020.05.16"]

1. e4 e5 2. Bc4 Nf6 3. Nc3 Bb4 4. d3 d6 5. Ne2 Bg4 6. O-O Nc6 7. f3 Be6 8. Bb3
Bxb3 9. axb3 O-O 10. Bg5 Bxc3 11. Nxc3 h6 12. Bh4 g5 13. Bg3 Nd4 14. Ne2 Nxe2+
15. Qxe2 b6 16. h4 c5 17. hxg5 hxg5 18. Qe3 Nh5 19. Bh2 Kg7 20. Kf2 Rh8 21. Rh1
Nf4 22. Bxf4 gxf4 23. Qd2 Rxh1 24. Rxh1 Qg5 25. Qe1 Qg3+ 26. Ke2 Qxg2+ 27. Kd1
Rh8 28. Rg1 Qxg1 29. Qxg1+ Kf6 30. Ke2 Ke6 31. Qg4+ Ke7 32. Qg5+ Kf8 33. Qd8+
Kg7 34. Qxd6 Rh2+ 35. Kd1 Rf2 36. Qxe5+ Kg8 37. Qxf4 Kf8 38. Qb8+ Kg7 39. Qg3+
Kf8 40. Qxf2 Ke8 41. Ke2 Kf8 42. Ke3 Ke8 43. Kf4 Kf8 44. Ke5 Ke8 45. Kf6 Kf8 46.
Qg3 Ke8 47. Qd6 a5 48. Qe7# 1-0

[Event "ch-FRA Blitz Online Qual"]
[Site "Europe-Chess INT"]
[Date "2020.05.16"]
[Round "7"]
[White "Bachy, Louis"]
[Black "Remtoula, Naushad"]
[Result "1-0"]
[WhiteElo "1264"]
[BlackElo "1126"]
[WhiteFideId "45161178"]
[BlackFideId "551060019"]
[EventDate "2020.05.16"]

1. e4 e6 2. d4 d5 3. e5 c5 4. c3 Qb6 5. Nf3 Nc6 6. Bd3 Nh6 7. Bxh6 gxh6 8. Qd2
cxd4 9. cxd4 Bd7 10. Be2 Rc8 11. O-O Nb4 12. Na3 a5 13. b3 Bg7 14. Rac1 Rxc1 15.
Rxc1 h5 16. Qg5 Nxa2 17. Qxg7 Rf8 18. Rb1 Nc3 19. Bd3 Nxb1 20. Nxb1 Qxb3 21.
Qxh7 Qd1+ 22. Bf1 Bb5 23. Nfd2 Bxf1 24. Nxf1 Qxb1 25. Qxh5 Kd7 26. Qe2 Rc8 27.
g3 Rc2 28. Qd3 1-0

[Event "ch-FRA Blitz Online Qual"]
[Site "Europe-Chess INT"]
[Date "2020.05.16"]
[Round "8"]
[White "Baklan, Vladimir"]
[Black "Guseinov, Gadir"]
[Result "1/2-1/2"]
[WhiteTitle "GM"]
[BlackTitle "GM"]
[WhiteElo "2587"]
[BlackElo "2665"]
[WhiteFideId "14102196"]
[BlackFideId "13401378"]
[EventDate "2020.05.16"]

1. e4 c5 2. c3 d5 3. exd5 Qxd5 4. d4 g6 5. Na3 cxd4 6. Nb5 Na6 7. Qxd4 Qxd4 8.
Nxd4 Bg7 9. Be3 Nf6 10. Bb5+ Bd7 11. Bxd7+ Nxd7 12. O-O-O Nc7 13. Ngf3 O-O-O 14.
Rhe1 h6 15. Nb3 a6 16. Nc5 Nxc5 17. Bxc5 e6 18. Ne5 Bxe5 19. Rxe5 Rxd1+ 20. Kxd1
g5 21. Kc2 Kd7 22. a4 Kc6 23. Bd4 Rd8 24. b4 Rd5 25. Kd3 b5 26. axb5+ axb5 27.
c4 bxc4+ 28. Kxc4 Nb5 29. Rxd5 exd5+ 30. Kd3 g4 31. h3 h5 32. hxg4 hxg4 33. f3
gxf3 34. gxf3 Kd6 35. Bb2 Ke6 36. Ke3 Kf5 37. Ba1 Na3 38. Bc3 Ke6 39. Kd4 Kd6
40. Bd2 Nb5+ 41. Kd3 Ke5 42. Bh6 f5 43. Bc1 Kf6 44. Bf4 Kg6 45. Ke3 Kf7 46. Kd3
Ke6 47. Ke3 Kd7 48. Kd3 Kc6 49. Be5 Na3 50. Ke3 Nc2+ 51. Kf4 Nxb4 52. Kxf5 Nd3
53. Bg7 Kc5 54. f4 Kc4 55. Kg4 Nxf4 56. Kxf4 d4 57. Bxd4 1/2-1/2

[Event "ch-FRA Blitz Online Qual"]
[Site "Europe-Chess INT"]
[Date "2020.05.16"]
[Round "8"]
[White "Demuth, Adrien"]
[Black "Laurent-Paoli, Pierre"]
[Result "1/2-1/2"]
[WhiteTitle "GM"]
[BlackTitle "FM"]
[WhiteElo "2492"]
[BlackElo "2402"]
[WhiteFideId "642274"]
[BlackFideId "26017962"]
[EventDate "2020.05.16"]

1. Nf3 Nf6 2. g3 d5 3. Bg2 g6 4. O-O Bg7 5. c4 c6 6. b3 O-O 7. Bb2 Bf5 8. d3 a5
9. a3 Nbd7 10. Nbd2 Nc5 11. Qc2 dxc4 12. Nxc4 a4 13. b4 Nb3 14. Rab1 Be6 15.
Rfd1 Bd5 16. e3 b5 17. Nce5 Rc8 18. e4 Be6 19. d4 Qb6 20. Qe2 Ng4 21. Ng5 Nxe5
22. Nxe6 fxe6 23. dxe5 c5 24. bxc5 Rxc5 25. Qg4 Bxe5 26. Bxe5 Rxe5 27. Rb2 Rc5
28. h4 Rf6 29. Bh3 Kg7 30. Re2 Rc3 31. Kg2 Nc5 32. e5 Rf5 33. Qd4 Rc4 34. Qd2
Nb3 35. Qe3 Qb7+ 36. Kg1 Rf3 37. Qg5 Nd4 38. Re3 Rxe3 39. Qxe3 Qd5 40. Bg2 Qc5
41. Bf1 Nf5 42. Qg5 Qxe5 43. Bxc4 bxc4 44. Qf4 Qxf4 45. gxf4 Nxh4 46. Rc1 Nf3+
47. Kg2 Nd2 48. Rc2 Nb1 49. Rxc4 Nxa3 50. Rxa4 Nb5 51. Rc4 Nd6 52. Rc7 Kf7 53.
Ra7 Nf5 54. Ra8 Kg7 55. Ra6 Kf6 56. Ra8 e5 57. fxe5+ Kxe5 58. Ra7 Kf6 59. Kf3 h5
60. Ra6+ e6 61. Ke4 g5 62. Ra8 Nd6+ 63. Kd4 Nf5+ 64. Ke4 g4 65. Rf8+ Kg5 66. Ke5
h4 67. Rg8+ Kh5 68. Rh8+ Nh6 69. Kf4 h3 70. Kg3 e5 71. Re8 Kg5 72. Rxe5+ Nf5+
73. Kh2 Kf4 74. Ra5 Nh4 75. Rh5 Nf3+ 76. Kh1 Ng5 77. Kh2 Ne4 78. Rxh3 gxh3 79.
Kxh3 Nxf2+ 80. Kg2 1/2-1/2

[Event "ch-FRA Blitz Online Qual"]
[Site "Europe-Chess INT"]
[Date "2020.05.16"]
[Round "8"]
[White "Vedmediuc, Serghei"]
[Black "Bauer, Christian"]
[Result "1/2-1/2"]
[WhiteTitle "IM"]
[BlackTitle "GM"]
[WhiteElo "2464"]
[BlackElo "2623"]
[WhiteFideId "13900790"]
[BlackFideId "603767"]
[EventDate "2020.05.16"]

1. e4 Nc6 2. Nf3 d6 3. d4 Nf6 4. Nc3 g6 5. Be2 Bg7 6. O-O O-O 7. Re1 a6 8. h3 e6
9. Bf1 b5 10. a3 Bb7 11. Bg5 h6 12. Bh4 Re8 13. Qd2 g5 14. Bg3 Ne7 15. Rad1 Ng6
16. Bd3 Nh5 17. Bh2 c5 18. d5 Nhf4 19. dxe6 fxe6 20. Bf1 b4 21. axb4 cxb4 22.
Na4 Qa5 23. b3 Rad8 24. Qe3 Bc6 25. Qb6 Qxb6 26. Nxb6 Bc3 27. Re3 d5 28. exd5
exd5 29. Nd4 Bb7 30. Na4 Bxd4 31. Rxd4 a5 32. Nc5 Bc6 33. Nd3 Rxe3 34. fxe3 Ne6
35. Rg4 h5 36. Rg3 Kh7 37. Rf3 Rf8 38. Rxf8 Ngxf8 39. Ne5 Bb7 40. Bd3+ Kg7 41.
g4 h4 42. Kf2 Nc5 43. Ke2 Nfe6 44. Nf3 Ne4 45. Be5+ Kf7 46. Bxe4 dxe4 47. Nd4
Ba6+ 48. Kf2 Nxd4 49. Bxd4 Bb5 50. Bb6 a4 51. bxa4 Bxa4 52. Ba5 Bxc2 53. Bxb4
Bd3 54. Ba5 Kg6 55. Bd8 Bc4 56. Be7 Bd3 57. Bd8 Bc4 58. Be7 Bd3 59. Bd8 1/2-1/2

[Event "ch-FRA Blitz Online Qual"]
[Site "Europe-Chess INT"]
[Date "2020.05.16"]
[Round "8"]
[White "Terrieux, Kevin"]
[Black "Degraeve, Remy"]
[Result "1-0"]
[WhiteTitle "IM"]
[BlackTitle "FM"]
[WhiteElo "2448"]
[BlackElo "2328"]
[WhiteFideId "622591"]
[BlackFideId "26024560"]
[EventDate "2020.05.16"]

1. d4 d5 2. Nf3 Nf6 3. e3 e6 4. Bd3 Bd6 5. O-O O-O 6. b3 b6 7. Bb2 Bb7 8. c4
Nbd7 9. cxd5 exd5 10. Nc3 a6 11. Rc1 Ne4 12. Ne2 Qf6 13. Bb1 Qh6 14. Ng3 Qf6 15.
Nxe4 dxe4 16. Nd2 Rfe8 17. Nc4 Bxh2+ 18. Kxh2 Qh4+ 19. Kg1 Re6 20. Re1 Nf6 21.
Ne5 Rd8 22. Rxc7 Rxe5 23. dxe5 Rxd1 24. Rxd1 Ng4 25. Rd2 h5 26. e6 fxe6 27.
Rxg7+ Kf8 28. Rxb7 Qh2+ 29. Kf1 Qh4 30. Bxe4 Ke8 31. Bc6+ Kf8 32. Bf3 Ke8 33.
Bc6+ Kf8 34. Ba3+ Kg8 35. Bf3 Ne5 36. Be7 Nxf3 37. Bxh4 Nxd2+ 38. Ke2 1-0

[Event "ch-FRA Blitz Online Qual"]
[Site "Europe-Chess INT"]
[Date "2020.05.16"]
[Round "8"]
[White "Bulmaga, Irina"]
[Black "Riff, Jean-Noel"]
[Result "0-1"]
[WhiteTitle "IM"]
[BlackTitle "GM"]
[WhiteElo "2440"]
[BlackElo "2504"]
[WhiteFideId "13903063"]
[BlackFideId "611190"]
[EventDate "2020.05.16"]

1. e4 e5 2. Nf3 Nc6 3. d4 exd4 4. c3 d5 5. exd5 Qxd5 6. cxd4 Nf6 7. Nc3 Qa5 8.
Bc4 Bb4 9. O-O O-O 10. Bg5 Bxc3 11. bxc3 Ne4 12. Bd2 Bg4 13. Be1 Rae8 14. h3 Bh5
15. Rc1 Ne7 16. Bd3 Ng5 17. Be2 Ng6 18. c4 Qf5 19. Bd2 Nxh3+ 20. gxh3 Rxe2 21.
Nh4 Nxh4 0-1

[Event "ch-FRA Blitz Online Qual"]
[Site "Europe-Chess INT"]
[Date "2020.05.16"]
[Round "8"]
[White "Suarez Uriel, Adrian"]
[Black "Arnaudov, G. Petar"]
[Result "0-1"]
[WhiteTitle "IM"]
[BlackTitle "GM"]
[WhiteElo "2340"]
[BlackElo "2471"]
[WhiteFideId "22230874"]
[BlackFideId "2907127"]
[EventDate "2020.05.16"]

1. e4 e5 2. Nf3 Nc6 3. Bc4 Bc5 4. O-O Nf6 5. d3 d6 6. c3 a6 7. a4 h6 8. Nbd2 Ba7
9. Re1 O-O 10. h3 Be6 11. Bxe6 fxe6 12. b4 Qe8 13. Nf1 Nh5 14. Be3 Bxe3 15. Nxe3
Qf7 16. Ra2 Nf4 17. Kh2 Ne7 18. Ng1 a5 19. b5 c5 20. g3 Nh5 21. Nc4 Nc8 22. Rf1
b6 23. h4 Nf6 24. f3 Ra7 25. Raf2 Qg6 26. Kg2 Raf7 27. f4 Ng4 28. Rf3 exf4 29.
Nh3 e5 30. Kh1 Qh5 31. Qe1 fxg3 32. Rxf7 Rxf7 33. Rxf7 Qxf7 34. Kg2 d5 35. exd5
Qxd5+ 36. Qe4 Qxe4+ 37. dxe4 Nf6 38. Kf3 g2 39. Nxe5 Nd6 40. Kxg2 Nfxe4 41. Nd7
Nc4 42. Nf4 Nxc3 43. Nd5 Nxd5 0-1

[Event "ch-FRA Blitz Online Qual"]
[Site "Europe-Chess INT"]
[Date "2020.05.16"]
[Round "8"]
[White "Sochacki, Wojtek"]
[Black "Maze, Sebastien"]
[Result "1/2-1/2"]
[WhiteTitle "IM"]
[BlackTitle "GM"]
[WhiteElo "2320"]
[BlackElo "2557"]
[WhiteFideId "651389"]
[BlackFideId "613762"]
[EventDate "2020.05.16"]

1. e4 c6 2. Nc3 d5 3. Nf3 Bg4 4. h3 Bxf3 5. Qxf3 e6 6. d4 Nd7 7. Bd3 g6 8. O-O
Bg7 9. Re1 Ne7 10. Bg5 f6 11. Bd2 O-O 12. exd5 exd5 13. Re6 Rf7 14. Rae1 Nf8 15.
R6e2 Qd7 16. Nd1 Rd8 17. Ne3 f5 18. c3 Nc8 19. Nc2 Nd6 20. Bg5 Re8 21. Rxe8 Nxe8
22. Bf4 Nd6 23. Be5 Ne4 24. Bxg7 Kxg7 25. Qf4 Qc7 26. Qxc7 Rxc7 27. f3 Nd6 28.
Ne3 Kf6 29. Kf2 Ne6 30. g3 h5 31. h4 f4 32. Ng2 fxg3+ 33. Kxg3 Re7 34. Re5 Nf7
35. Re3 b6 36. Kf2 c5 37. dxc5 bxc5 38. b3 Ne5 39. Bf1 d4 40. cxd4 cxd4 41. Re4
Rd7 42. Nf4 Nxf4 43. Rxf4+ Ke6 44. Bh3+ Kd5 45. Bxd7 Nxd7 46. Rf7 Ne5 47. Rxa7
Nd3+ 48. Ke2 Nf4+ 49. Kd2 Ng2 50. Ra5+ Ke6 51. Ra4 Nxh4 52. Ke2 Nf5 53. Ra6+ Ke5
54. Rxg6 h4 55. Rg8 Kf4 56. Rg4+ Ke5 57. a4 h3 58. Re4+ Kd5 59. Rf4 Ke5 60. Re4+
Kd5 61. Rf4 Ke5 62. Re4+ 1/2-1/2

[Event "ch-FRA Blitz Online Qual"]
[Site "Europe-Chess INT"]
[Date "2020.05.16"]
[Round "8"]
[White "Travadon, Loic"]
[Black "Batsiashvili, Nino"]
[Result "1-0"]
[WhiteTitle "IM"]
[BlackTitle "GM"]
[WhiteElo "2431"]
[BlackElo "2457"]
[WhiteFideId "26092131"]
[BlackFideId "13602993"]
[EventDate "2020.05.16"]

1. d4 d5 2. c4 e6 3. Nc3 c5 4. e3 Nf6 5. Nf3 Nc6 6. cxd5 exd5 7. Bb5 cxd4 8.
exd4 Bd6 9. O-O O-O 10. h3 h6 11. Re1 Re8 12. Rxe8+ Qxe8 13. Be3 Bf5 14. Qb3 a6
15. Bf1 Qd7 16. Rc1 Re8 17. Na4 Bb8 18. Nc5 Qe7 19. Qxb7 Qxb7 20. Nxb7 Nb4 21.
a3 Nd3 22. Bxd3 Bxd3 23. Nc5 Be2 24. Ne5 Ne4 25. Nxe4 dxe4 26. Nd7 Bd6 27. d5
Rd8 28. Nb6 Be5 29. a4 f5 30. b4 Bd3 31. Bc5 f4 32. a5 g5 33. Be7 Rb8 34. d6 e3
35. fxe3 fxe3 36. d7 e2 37. Bc5 Bc3 38. Bf2 Bxb4 39. Rc8+ Rxc8 40. dxc8=Q+ Kf7
41. Qd7+ Kg6 42. Qxd3+ 1-0

[Event "ch-FRA Blitz Online Qual"]
[Site "Europe-Chess INT"]
[Date "2020.05.16"]
[Round "8"]
[White "Sesia, Noah"]
[Black "Bijaoui, Manuel"]
[Result "0-1"]
[BlackTitle "IM"]
[WhiteElo "1822"]
[BlackElo "2411"]
[WhiteFideId "26066904"]
[BlackFideId "626783"]
[EventDate "2020.05.16"]

1. d4 Nf6 2. Bf4 g6 3. Nc3 d5 4. Qd2 c6 5. f3 b5 6. a3 Nbd7 7. e4 Nb6 8. e5 Nh5
9. Bh6 Ng7 10. b3 a5 11. Nd1 f6 12. Bd3 Bf5 13. Ne2 Qd7 14. Ne3 Bxd3 15. Qxd3
fxe5 16. dxe5 Ne6 17. Bxf8 Rxf8 18. O-O d4 19. Ng4 Nd5 20. Rad1 c5 21. c3 Ndf4
22. Nxf4 Rxf4 23. cxd4 Rxd4 24. Qe2 Nf4 25. Qe1 O-O-O 26. Rxd4 Qxd4+ 27. Qf2
Ne2+ 28. Kh1 Qxf2 29. Nxf2 Nd4 30. b4 axb4 31. axb4 cxb4 32. Nd3 b3 33. h3 Nc2
34. Nb2 Rd2 35. Nd1 Kd7 36. Kg1 Ke6 37. Nf2 b2 38. Rb1 Ne3 39. Ne4 Rxg2+ 40. Kh1
Rc2 41. Ng5+ Kxe5 42. f4+ Kxf4 43. Ne6+ Kg3 44. Nd4 Rc1+ 45. Rxc1 bxc1=Q# 0-1

[Event "ch-FRA Blitz Online Qual"]
[Site "Europe-Chess INT"]
[Date "2020.05.16"]
[Round "8"]
[White "Rakotomaharo, Fy Antenaina"]
[Black "Choukri, Adel"]
[Result "1-0"]
[WhiteTitle "IM"]
[BlackTitle "FM"]
[WhiteElo "2422"]
[BlackElo "2311"]
[WhiteFideId "13100050"]
[BlackFideId "9000399"]
[EventDate "2020.05.16"]

1. e4 c5 2. Nf3 d6 3. d4 cxd4 4. Nxd4 Nf6 5. Nc3 Nc6 6. Bg5 e6 7. Qd2 Bd7 8.
Ndb5 Qb6 9. Bxf6 gxf6 10. O-O-O O-O-O 11. Na4 Qa5 12. Qxa5 Nxa5 13. Nxa7+ Kc7
14. Nb5+ Bxb5 15. Bxb5 Nc6 16. Nc3 Rg8 17. g3 Rg5 18. f4 Rc5 19. a3 Ra8 20. Rd3
Kb6 21. Bxc6 bxc6 22. Ne2 d5 23. exd5 cxd5 24. Rhd1 Rac8 25. c3 h5 26. Kc2 Be7
27. f5 Kc6 28. Nf4 Kd6 29. fxe6 fxe6 30. Nxh5 e5 31. g4 Rh8 32. h3 Ke6 33. Ng7+
Kf7 34. Nf5 Rd8 35. b4 Rc4 36. Rxd5 Rdc8 37. R1d3 Ke6 38. Ra5 R4c6 39. Ng7+ Kf7
40. Nf5 Ke6 41. Re3 Bd8 42. Nd4+ Kf7 43. Nxc6 Rxc6 44. Ra7+ Kg6 45. Rd7 Bb6 46.
Re2 Bd4 47. Rxd4 exd4 48. Kd3 Rxc3+ 49. Kxd4 Rxa3 50. h4 Rg3 51. Re4 Rh3 52. h5+
Kg5 53. Kc5 Rc3+ 54. Rc4 Rb3 55. b5 f5 56. gxf5 Kxh5 57. b6 Kg5 58. Rb4 Rc3+ 59.
Kd6 Rd3+ 60. Kc7 Rc3+ 61. Kb8 Kxf5 62. b7 Ke6 63. Ka7 Rc7 64. Kb6 1-0